01501nam a2200385Ia 4500001001200000003000800012006001900020007001500039008004100054010001700095020002800112020004100140020001800181040002100199035002100220050002600241082001600267100003800283245014700321260004800468300001700516504005400533533015200587650002700739650004100766650003700807650002000844650002000864651002000884655002900904700001900933700002000952710001700972856012600989ebr10190736CaPaEBRm u cr cn|||||||||030314s2003 ctu sb 000 0 eng d z 2003005805 z0300101058 (paperbound) z0300101759 (clothbound : alk. paper) z9780300138238 aCaPaEBRcCaPaEBR a(OCoLC)17505566114aPR2807.A2bR34 2003eb04a822.3/32211 aShakespeare, William,d1564-1616.10aHamleth[electronic resource] /cWilliam Shakespeare ; fully annotated, with an introduction by Burton Raffel ; with an essay by Harold Bloom. aNew Haven :bYale University Press,cc2003. axxxi, 249 p. aIncludes bibliographical references (p. 245-247). aElectronic reproduction.bPalo Alto, Calif. :cebrary,d2009.nAvailable via World Wide Web.nAccess may be limited to ebrary affiliated libraries. 0aFathersxDeathvDrama. 0aHamlet (Legendary character)vDrama. 0aMurder victims' familiesvDrama. 0aPrincesvDrama. 0aRevengevDrama. 0aDenmarkvDrama. 7aElectronic books.2local1 aBloom, Harold.1 aRaffel, Burton.2 aebrary, Inc.40uhttp://site.ebrary.com/lib/rucke/Doc?id=10190736zAn electronic book accessible through the World Wide Web; click to view